000 00646nam a22001817a 4500
010 _aENG-98492
020 _a9788189781866
_c275.00
035 _aEN-82025
037 _bDBAD/PUB
100 _aMondal, Sudeb
_99584
245 _aBasic undergraduate pharmacology /
_cby Sudeb Mondal
260 _aKolkata
_bAcademic Publishers
_c2010
270 _a5A, Bhiwani Dutta Lane
_bKolkata
_e700073
300 _a410p.
_c23cm (pbk)
500 _aIncludes index
942 _2ddc
_cEN
_h615.1
_mMON
999 _c39633
_d39633